Fazerin karkkipussit - äkkikuolema - Statistics

Yleistilastot
  • Tätä visaa on pelattu 564 kertaa
  • Keskiarvotulos 7 / 24
Answers on the Grid
Answers color-coded by a green-red scale on the quiz's grid according to % correct below.
Fazerin parhain
Lauantai
Omar
Tyrkisk peber
Ässämix
Tv mix
Pihlaja
Pantteri
Dumle
Virvon varvon
Pätkis
Tuttifrutti
Suklaasydän
Jim bites
Suklaa mix
Susu snacks
Amerikan pastilleja
Aakkoset choco
Lakumix
Aarrearkku
Salmiakki mix
Lakupala suklaa
Lakritsi chocolate&liquorice
Ahaa crisp
Makea moka
Hukkapussi
Tipu, mansikkamarmeladikonvehteja
Suffeli
Juhuu
Remix
Vanhat autot
Pommix
Tutti frutti
Juhlamarmeladi
Salta katten
Väiski vaahtokarkkeja
Marianne
Jymy salmiakki
Liqueur fills
Salmiakkiruutu
Kina snacks
Tupla crispy puffs
Smarties
Missä x
 
Vastaustilastot
Vastaus % Oikein
Fazerin parhain
45%
Pätkis
45%
Marianne
44%
Pantteri
44%
Ässämix
43%
Dumle
43%
Omar
42%
Pihlaja
41%
Missä x
39%
Remix
39%
Tyrkisk peber
38%
Tutti frutti
36%
Suffeli
34%
Aarrearkku
32%
Amerikan pastilleja
29%
Tuttifrutti
29%
Susu snacks
26%
Makea moka
24%
Jim bites
21%
Salmiakki mix
12%
Liqueur fills
8%
Salta katten
7%
Lakritsi chocolate&liquorice
5%
Kina snacks
4%
Ehtoja vastaavia visoja ei löytynyt
Tulosjakauma
Jokaisen tuloksen saaneiden osuus
Persentiili vastausten määrän mukaan
Tuloshistoriasi
Et ole pelannut tätä visaa